[Event "Titled Tue 27th May Early"]
[Site "chess.com INT"]
[Date "2025.05.27"]
[Round "2"]
[White "Dyachuk, Artem"]
[Black "Joseph Benher, Savio"]
[Result "0-1"]
[WhiteTitle "FM"]
[WhiteElo "2356"]
[BlackElo "2115"]
[WhiteFideId "34107924"]
[BlackFideId "2629453"]
[EventDate "2025.05.27"]

1. e4 e6 2. d4 d5 3. exd5 exd5 4. Nf3 Bd6 5. Bd3 Nc6 6. O-O Nge7 7. c3 Bf5 8.
Bxf5 Nxf5 9. Re1+ Nfe7 10. Nbd2 O-O 11. Nf1 Qd7 12. Ng3 Rae8 13. Qd3 Bxg3 14.
hxg3 f6 15. Bf4 Ng6 16. Be3 Re7 17. c4 Rfe8 18. Qb3 Na5 19. Qb4 Nxc4 20. Qxb7
Nxe3 21. fxe3 Rxe3 22. Rxe3 Rxe3 23. Qxa7 Qb5 24. Qxc7 Qxb2 25. Qd8+ Nf8 26.
Qxd5+ Kh8 27. Rf1 Re2 28. Ne5 Qxa2 29. Nf7+ Kg8 30. Nh6+ Kh8 31. Nf7+ Kg8 32.
Qxa2 Rxa2 33. Nd6 Rd2 34. Nf5 Ne6 35. Ra1 Kf7 36. Ra7+ Kg6 37. Nh4+ Kh5 38. Ra5+
g5 39. d5 Nc7 40. Nf3 Rxd5 41. Ra7 Rd7 42. Kf2 Kg6 43. g4 Re7 44. Kg3 Nd5 45.
Ra6 Re4 46. Rd6 Ne3 47. Nd4 Nxg4 48. Kf3 Rf4+ 49. Kg3 Ne5 50. Ne6 Rg4+ 51. Kh3
Ra4 52. Nf8+ Kg7 53. Ne6+ Kf7 54. Nc7 h5 55. Nd5 Ra3+ 56. g3 Ng4 57. Kg2 Ra2+
58. Kf3 f5 59. Rc6 Rf2# 0-1

[Event "Titled Tue 27th May Early"]
[Site "chess.com INT"]
[Date "2025.05.27"]
[Round "2"]
[White "Lai, Duc Minh"]
[Black "Zaksaite, Salomeja"]
[Result "1-0"]
[BlackTitle "WGM"]
[WhiteElo "2072"]
[BlackElo "2119"]
[WhiteFideId "12420387"]
[BlackFideId "12801496"]
[EventDate "2025.05.27"]

1. e4 Nf6 2. e5 Nd5 3. d4 d6 4. Nf3 dxe5 5. Nxe5 c6 6. c3 Bf5 7. Bd3 Bxd3 8.
Qxd3 Nd7 9. O-O e6 10. Nd2 Nxe5 11. dxe5 Be7 12. Ne4 O-O 13. Qg3 f5 14. exf6
Nxf6 15. Ng5 Qd5 16. Re1 Rae8 17. Be3 Nh5 18. Qg4 Bxg5 19. Bxg5 Nf6 20. Qh4 Qf5
21. h3 b6 22. Re2 h6 23. Be3 Nd5 24. Rae1 Nxe3 25. Rxe3 c5 26. Qg3 Kh7 27. Re5
Qf6 28. Qd3+ Kh8 29. Qe3 Rf7 30. Re2 Rfe7 31. g3 Kg8 32. Kg2 Kh8 33. Re4 Kg8 34.
f4 Kh8 35. g4 Kg8 36. Re5 Kf8 37. Rf2 Rf7 38. Qe4 Kg8 39. Qe3 Rfe7 40. Qg3 Qf7
41. Rfe2 Rd8 42. f5 Rd6 43. Qe3 Re8 44. fxe6 Qb7+ 45. Qf3 Qe7 46. b3 Rxe6 47.
Rxe6 1-0

[Event "Titled Tue 27th May Early"]
[Site "chess.com INT"]
[Date "2025.05.27"]
[Round "2"]
[White "Newansa, M Esandi"]
[Black "Piddubna, Bozhena"]
[Result "0-1"]
[WhiteTitle "WCM"]
[BlackTitle "WFM"]
[WhiteElo "1947"]
[BlackElo "2174"]
[WhiteFideId "9999060"]
[BlackFideId "34109293"]
[EventDate "2025.05.27"]

1. d4 Nf6 2. Bf4 d5 3. e3 e6 4. c3 Bd6 5. Nf3 c5 6. Nbd2 O-O 7. Bg3 Qc7 8. Bxd6
Qxd6 9. Ne5 Nfd7 10. f4 f6 11. Nef3 e5 12. dxe5 fxe5 13. Nc4 Qe6 14. Ncxe5 Nxe5
15. Nxe5 Nc6 16. Nxc6 Qxe3+ 17. Qe2 Qxe2+ 18. Bxe2 bxc6 19. O-O Rb8 20. b3 Re8
21. Bf3 Bf5 22. Rac1 Re6 23. Rfd1 Be4 24. Bg4 Rf6 25. g3 Kf7 26. h4 Kf8 27. Kf2
Rb6 28. Re1 Ra6 29. Re2 Rf7 30. c4 Rc7 31. Rce1 g6 32. Bh3 Kf7 33. Bf1 Rb6 34.
Re3 Rb4 35. Be2 a5 36. Bd1 a4 37. cxd5 cxd5 38. bxa4 Rb2+ 39. R1e2 Rb4 40. Rc3
Rd4 41. Bb3 Kf6 42. Re1 c4 43. Bc2 Rd2+ 44. Re2 Rxc2 45. Rexc2 Bxc2 46. Rxc2 Ra7
47. Rd2 Ke6 48. Ke3 Rxa4 49. Kd4 Kd6 50. Re2 Ra3 51. Rd2 h5 52. Rd1 Rxg3 53. Rd2
Ra3 54. Rd1 Rf3 55. Rd2 Rxf4+ 56. Ke3 Rxh4 57. Rg2 Rh3+ 58. Kf4 Rh4+ 59. Kg5
Rg4+ 60. Rxg4 hxg4 61. Kxg4 c3 62. Kf3 c2 0-1

[Event "Titled Tue 27th May Early"]
[Site "chess.com INT"]
[Date "2025.05.27"]
[Round "2"]
[White "Kochiev, Ivan"]
[Black "Tahbaz, Arash"]
[Result "0-1"]
[WhiteTitle "CM"]
[BlackTitle "IM"]
[WhiteElo "2138"]
[BlackElo "2462"]
[WhiteFideId "2917890"]
[BlackFideId "12528846"]
[EventDate "2025.05.27"]

1. e4 d5 2. exd5 Qxd5 3. Nf3 Bg4 4. Be2 Nc6 5. d4 O-O-O 6. c4 Qf5 7. Be3 Bxf3 8.
Bxf3 Nxd4 9. Bg4 Nc2+ 10. Qxc2 Qxg4 11. O-O e6 12. h3 Qf5 13. Qa4 Bc5 14. b4
Bxe3 15. fxe3 Qe5 16. Qxa7 Nf6 17. Na3 c6 18. c5 Qb8 19. Qa4 Kd7 20. Nc4 Ke7 21.
Nd6 Rxd6 22. cxd6+ Qxd6 23. Rad1 Qc7 24. Rd3 Rd8 25. Rfd1 Rxd3 26. Rxd3 Nd5 27.
e4 Nf4 28. Rd2 e5 29. Qa3 Ne6 30. Qg3 Qb6+ 31. Kh1 Qxb4 32. Rd1 Qxe4 33. Qa3+ c5
34. Qb3 Qc6 35. Qg3 f6 36. Qh4 c4 37. Rc1 b5 38. a4 Nf4 39. Qg3 bxa4 40. Qxg7+
Ke6 41. Rxc4 Qd5 42. Rc7 Kf5 43. Qg4+ Ke4 44. Rc1 Qd2 45. Rd1 Qe2 46. Qxe2+ Nxe2
47. Ra1 Nc3 48. Rc1 Kd3 49. Rf1 a3 50. Rxf6 a2 51. Ra6 Kc2 52. Kg1 Kb3 53. Kf2
Na4 54. Rb6+ Ka3 55. Rb1 axb1=Q 0-1

[Event "Titled Tue 27th May Early"]
[Site "chess.com INT"]
[Date "2025.05.27"]
[Round "2"]
[White "Brenke, Andreas"]
[Black "Punin, Andrii"]
[Result "0-1"]
[WhiteTitle "FM"]
[BlackTitle "FM"]
[WhiteElo "2349"]
[BlackElo "2289"]
[WhiteFideId "4602900"]
[BlackFideId "14112639"]
[EventDate "2025.05.27"]

1. d4 Nf6 2. c4 e6 3. Nc3 Bb4 4. Qc2 d5 5. cxd5 exd5 6. Bg5 h6 7. Bh4 Nc6 8. e3
g5 9. Bg3 Ne4 10. Bb5 h5 11. f3 Nxg3 12. hxg3 Qd6 13. Ne2 Bd7 14. a3 Bxc3+ 15.
Qxc3 O-O-O 16. O-O-O h4 17. g4 Rhe8 18. Kb1 Re7 19. Nc1 Nb8 20. Bxd7+ Nxd7 21.
Rhe1 Rde8 22. Rd2 Nb6 23. Rde2 Qg6+ 24. Ka1 c6 25. Nd3 Qd6 26. Ne5 f6 27. Nd3
Nc4 28. Nc5 b6 29. Nb3 Kb7 30. e4 a5 31. Nd2 Nxd2 32. Qxd2 dxe4 33. Rxe4 Rxe4
34. Rxe4 Rxe4 35. fxe4 Qg3 36. Qe2 Kc7 37. e5 fxe5 38. dxe5 Kd7 39. Qe4 Qf4 40.
e6+ Kd6 41. Qd4+ Kxe6 42. Qxb6 Qf1+ 43. Ka2 Qc4+ 44. Ka1 a4 45. Qe3+ Kf6 46.
Qf3+ Kg7 47. Qf5 Qf4 48. Qd7+ Kf8 49. Qxc6 Qxg4 50. Qf6+ Ke8 51. Qg6+ Ke7 52.
Qg7+ Ke6 53. Qg8+ Ke5 0-1

[Event "Titled Tue 27th May Early"]
[Site "chess.com INT"]
[Date "2025.05.27"]
[Round "2"]
[White "Moinzai, Khushal"]
[Black "Levitan, Caleb Levi"]
[Result "0-1"]
[WhiteTitle "FM"]
[BlackTitle "FM"]
[WhiteElo "1894"]
[BlackElo "2333"]
[WhiteFideId "11701200"]
[BlackFideId "14332620"]
[EventDate "2025.05.27"]

1. d4 d5 2. Nf3 Nf6 3. g3 Bf5 4. c4 e6 5. Bg2 c6 6. O-O Nbd7 7. Nc3 h6 8. Bf4
Be7 9. Ne5 O-O 10. cxd5 exd5 11. Rc1 Nxe5 12. dxe5 Ne4 13. Nxe4 Bxe4 14. Bxe4
dxe4 15. Qc2 Qd5 16. Rfd1 Qxa2 17. Rd7 Qe6 18. Rxb7 g5 19. Be3 Qxe5 20. Qxc6 Bf6
21. Rc5 Rac8 22. Qxc8 Rxc8 23. Rxc8+ Kg7 24. Rcc7 Qa5 25. Rxf7+ Kg6 26. Rxa7
Qe1+ 27. Kg2 Qxe2 28. Rfd7 Qf3+ 29. Kg1 Bxb2 30. Ra6+ Kh5 31. Rdd6 Bg7 32. h4
Kg4 33. hxg5 h5 34. Rf6 Bxf6 35. Rxf6 Qd1+ 36. Kg2 h4 37. Rf4+ Kh5 38. Rxh4+ Kg6
39. Rxe4 Qd5 40. f3 Qa2+ 41. Kh3 Qd5 42. Bf4 Qd3 43. Re6+ Kf7 44. Rf6+ Kg7 45.
Kg4 Qd7+ 46. Kh4 Qd5 47. Bd6 Qd4+ 48. f4 Qg1 49. Be5 Qh1+ 50. Kg4 Qd1+ 51. Kf5
Qd3+ 0-1

[Event "Titled Tue 27th May Early"]
[Site "chess.com INT"]
[Date "2025.05.27"]
[Round "2"]
[White "Aghaei, Alireza"]
[Black "Ramsdal, Jens Albert"]
[Result "1/2-1/2"]
[WhiteTitle "CM"]
[BlackTitle "FM"]
[WhiteElo "2204"]
[BlackElo "2351"]
[WhiteFideId "12509914"]
[BlackFideId "1429221"]
[EventDate "2025.05.27"]

1. e4 c5 2. c3 Nf6 3. e5 Nd5 4. d4 cxd4 5. Nf3 Nc6 6. cxd4 d6 7. Bc4 dxe5 8.
dxe5 Be6 9. O-O g6 10. Re1 Bg7 11. Qe2 O-O 12. Bd2 Qb6 13. Nc3 Rfd8 14. Nxd5
Bxd5 15. Bc3 e6 16. Rad1 Bxc4 17. Qxc4 Rac8 18. Qh4 Rxd1 19. Rxd1 Qa6 20. Ng5 h6
21. Ne4 Qe2 22. Re1 Qc2 23. Nf6+ Kh8 24. Ng4 Kh7 25. h3 Qf5 26. Re3 Rd8 27. Rf3
Qb1+ 28. Kh2 g5 29. Qh5 Qg6 30. Qxg6+ Kxg6 31. Nf6 Rd1 32. g4 Ra1 33. a3 Rd1 34.
Kg2 Ne7 35. Nh5 Nd5 36. Nxg7 Kxg7 37. a4 Ra1 38. b3 Ra3 39. Bb2 Ra2 40. Bd4 a6
41. Kg3 Rc2 42. h4 Kg6 43. h5+ Kg7 44. Kg2 Rd2 45. Bc5 Re2 46. Bd6 b5 47. axb5
axb5 48. Kg3 Nf4 49. Rc3 Re1 50. Rc8 Rg1+ 51. Kf3 Rh1 52. Bf8+ Kh7 53. Be7 Rh3+
54. Ke4 Rxb3 55. Bf6 Rb4+ 56. Kf3 Rb3+ 57. Ke4 Rb4+ 58. Kf3 Rb3+ 59. Ke4 1/2-1/2

[Event "Titled Tue 27th May Early"]
[Site "chess.com INT"]
[Date "2025.05.27"]
[Round "2"]
[White "Goldin, Roman"]
[Black "Vera Gonzalez-Quevedo, Reynaldo"]
[Result "0-1"]
[WhiteTitle "FM"]
[BlackTitle "GM"]
[WhiteElo "2296"]
[BlackElo "2299"]
[WhiteFideId "2803860"]
[BlackFideId "3500055"]
[EventDate "2025.05.27"]

1. e4 c5 2. Nf3 d6 3. Bc4 Nf6 4. e5 dxe5 5. Nxe5 e6 6. Qe2 Be7 7. d3 O-O 8. Nd2
Nbd7 9. f4 Nxe5 10. fxe5 Nd5 11. O-O b6 12. Rf3 Bb7 13. Rh3 Nf4 14. Qg4 Nxh3+
15. Qxh3 Qd4+ 16. Kf1 Qxe5 17. Nf3 Qf5 18. Qxf5 exf5 19. a4 Bf6 20. a5 Rfe8 21.
a6 Bc6 22. c3 Rad8 23. Ne1 b5 24. Bb3 c4 25. dxc4 bxc4 26. Bc2 Be4 27. Be3 Bxc2
28. Nxc2 Rd3 29. Bxa7 Rd2 30. Ne3 Rxb2 31. Nd5 Be5 32. Bd4 Bxd4 33. cxd4 Ra8 34.
a7 c3 35. Nxc3 Rb7 36. Ke2 Raxa7 37. Rc1 Rb2+ 38. Kd3 g5 39. d5 Rxg2 40. Rd1
Rxh2 41. d6 Rh3+ 42. Kc4 Rd7 43. Nd5 Kg7 44. Nb6 Rd8 45. d7 Rh4+ 46. Kc5 Re4 47.
Kc6 g4 48. Kc7 Rxd7+ 49. Nxd7 h5 50. Nc5 Rc4 51. Kd6 h4 52. Kd5 Rb4 53. Ne6+
fxe6+ 54. Kxe6 Kg6 55. Ke5 Kg5 56. Rd8 Re4+ 57. Kd5 h3 58. Rh8 Kf4 59. Rh5 Re5+ 0-1

[Event "Titled Tue 27th May Early"]
[Site "chess.com INT"]
[Date "2025.05.27"]
[Round "2"]
[White "Madhesh Kumar S"]
[Black "Zaw, Ye Htut"]
[Result "1-0"]
[WhiteTitle "CM"]
[BlackTitle "CM"]
[WhiteElo "2243"]
[BlackElo "2180"]
[WhiteFideId "25168649"]
[BlackFideId "13013955"]
[EventDate "2025.05.27"]

1. e4 d5 2. exd5 Qxd5 3. Nf3 Nf6 4. d4 Nc6 5. c4 Qh5 6. Nc3 Bg4 7. Be2 O-O-O 8.
Be3 e5 9. d5 e4 10. Nd2 Ne5 11. O-O Bd6 12. h3 Nf3+ 13. Nxf3 Bxf3 14. Bxf3 exf3
15. Qxf3 Qxf3 16. gxf3 Rhe8 17. Nb5 Be5 18. f4 Bd6 19. Nxa7+ Kd7 20. Rfd1 Ne4
21. Nb5 Bc5 22. Bxc5 Nxc5 23. b4 Ne4 24. c5 Kc8 25. d6 cxd6 26. f3 dxc5 27.
Rxd8+ Rxd8 28. fxe4 cxb4 29. Rc1+ Kb8 30. Rc4 Rd1+ 31. Kf2 Rd2+ 32. Kf3 Rxa2 33.
Rxb4 Rh2 34. Kg3 Re2 35. Nd6 Kc7 36. Nxb7 Re3+ 37. Kg4 h5+ 38. Kxh5 Rxh3+ 39.
Kg4 Rd3 40. Nc5 Rd1 41. e5 Kc6 42. Ne4 Rg1+ 43. Kf5 Kd5 44. Ng5 f6 45. exf6 gxf6
46. Kxf6 Kc5 47. Re4 Kd5 48. Re5+ Kd6 49. Re6+ Kd7 50. f5 Rh1 51. Re7+ Kd8 52.
Ne6+ Kc8 53. Ke5 Re1+ 54. Kf6 Rh1 55. Rg7 Rh6+ 56. Ke7 Kb8 57. f6 Rh4 58. f7 Rc4
59. f8=Q+ Kb7 60. Kf6+ Kb6 61. Qb8+ 1-0

[Event "Titled Tue 27th May Early"]
[Site "chess.com INT"]
[Date "2025.05.27"]
[Round "2"]
[White "Yanev, Tihomir"]
[Black "Salimova, Asal"]
[Result "1/2-1/2"]
[WhiteTitle "IM"]
[BlackTitle "WCM"]
[WhiteElo "2354"]
[BlackElo "2003"]
[WhiteFideId "2910110"]
[BlackFideId "14204940"]
[EventDate "2025.05.27"]

1. e4 c5 2. Nc3 d6 3. g3 e5 4. Bg2 Nc6 5. d3 g6 6. Nge2 Bg7 7. O-O Nge7 8. f4
O-O 9. h3 Be6 10. Be3 Qd7 11. Kh2 a6 12. g4 exf4 13. Nxf4 Nd4 14. Qd2 b5 15.
Rae1 Rae8 16. Nd1 Ndc6 17. c3 Bxa2 18. Nf2 Ne5 19. Ra1 Be6 20. Rxa6 Ra8 21. Rxa8
Rxa8 22. g5 Ra2 23. Nxe6 Qxe6 24. Nh1 N5c6 25. Ng3 Be5 26. Bf4 Bxf4 27. Rxf4 Ne5
28. h4 c4 29. Bh3 Nf5 30. exf5 Qd5 31. Bg2 Qxd3 32. Qxd3 cxd3 33. Rd4 Rxb2 34.
Rxd6 Nf3+ 35. Kh3 Ng1+ 36. Kg4 gxf5+ 37. Nxf5 Rxg2+ 38. Kh5 f6 39. Kh6 d2 40.
Rd7 Kf8 41. Kxh7 fxg5 42. h5 g4 43. h6 Nf3 44. Rd5 Rg1 45. Kg6 d1=Q 46. h7 Qxd5
47. h8=Q+ Qg8+ 48. Qxg8+ Kxg8 49. Kf6 g3 50. Nd6 g2 51. Nxb5 Rd1 52. Nd6 g1=Q
53. Ke7 Qg7+ 54. Ke6 Rxd6+ 55. Kxd6 Qxc3 56. Ke6 Qe3+ 57. Kf5 Nh2 58. Kg6 Qe7
59. Kh5 Qg7 60. Kh4 Nf3+ 61. Kh3 Qg6 1/2-1/2

[Event "Titled Tue 27th May Early"]
[Site "chess.com INT"]
[Date "2025.05.27"]
[Round "2"]
[White "Langheinrich, Ferenc"]
[Black "Kravtsiv, Martyn"]
[Result "0-1"]
[WhiteTitle "IM"]
[BlackTitle "GM"]
[WhiteElo "2346"]
[BlackElo "2598"]
[WhiteFideId "4641973"]
[BlackFideId "14113147"]
[EventDate "2025.05.27"]

1. e4 e5 2. Nf3 Nc6 3. Bb5 a6 4. Bxc6 dxc6 5. O-O Bg4 6. h3 h5 7. d3 Qf6 8. Be3
Bxf3 9. Qxf3 Qxf3 10. gxf3 Bd6 11. Nd2 Ne7 12. Nc4 Ng6 13. Kg2 f5 14. Bg5 O-O
15. Ne3 Be7 16. exf5 Bxg5 17. fxg6 Rf6 18. Nc4 Bf4 19. Kh1 Rxg6 20. Rae1 Rg5 21.
h4 Rf5 22. Re4 b5 23. Ne3 Rf6 24. Ng2 Raf8 25. Nxf4 Rxf4 26. Rxf4 Rxf4 27. Kg2
Kf7 28. Re1 Kf6 29. Kg3 Rf5 30. Re4 g5 31. d4 exd4 32. Rxd4 Ke5 33. Re4+ Kd5 34.
c3 c5 35. b3 c4 36. Rd4+ Kc5 37. b4+ Kb6 38. Re4 c6 39. Rd4 a5 40. a3 a4 41. Re4
Kc7 42. Rd4 c5 43. bxc5 Rxc5 44. Re4 Kd6 45. Re8 gxh4+ 46. Kxh4 Rd5 47. f4 Rd3
48. Kg5 Rxc3 49. f5 Rxa3 50. f6 Rf3 51. Rd8+ Kc5 52. Kg6 Rxf2 53. Rc8+ Kb4 54.
f7 a3 55. Rc6 Rxf7 56. Kxf7 Kb3 57. Rc5 b4 58. Rxh5 a2 0-1

[Event "Titled Tue 27th May Early"]
[Site "chess.com INT"]
[Date "2025.05.27"]
[Round "2"]
[White "Goncharov, Vladimir"]
[Black "Jyothilal, N."]
[Result "1-0"]
[BlackTitle "CM"]
[WhiteElo "2077"]
[BlackElo "1913"]
[WhiteFideId "34162256"]
[BlackFideId "5002605"]
[EventDate "2025.05.27"]

1. d4 d5 2. c4 e6 3. Nf3 c5 4. cxd5 exd5 5. g3 Nc6 6. Bg2 Nf6 7. O-O Be7 8. dxc5
Bxc5 9. Qc2 Be7 10. Rd1 O-O 11. Nc3 Qa5 12. a3 h6 13. Bf4 Be6 14. b4 Qb6 15. Na4
Qb5 16. Rac1 Rac8 17. Nc3 Qb6 18. Be3 Qc7 19. Qb2 Qb8 20. Nb5 Ne4 21. Bf4 Bd6
22. Nxd6 Nxd6 23. e4 Ne7 24. Rxc8 Rxc8 25. exd5 Nxd5 26. Bc1 Nc4 27. Qa1 Qc7 28.
Nd4 Qe5 29. f4 Qh5 30. Bf3 Bg4 31. Bxg4 Qxg4 32. Re1 Nd6 33. Qa2 Nc3 34. Qf2
Nce4 35. Qe3 f5 36. Bb2 Rc2 37. Re2 Rxe2 38. Qxe2 Qxe2 39. Nxe2 Nc4 40. Bc1 b5
41. Nd4 g6 42. Nxb5 a6 43. Nc7 Nc3 44. Kf2 Na2 45. Be3 Nxa3 46. Bc5 Nc2 47. Nxa6
Nc3 48. Bd6 Ne4+ 49. Ke2 Nxd6 50. Kd3 Na3 51. Kd4 Nab5+ 52. Ke5 Kf7 53. Nb8 Nc4+
54. Kd5 Ne3+ 55. Kc5 Nc3 56. b5 1-0

[Event "Titled Tue 27th May Early"]
[Site "chess.com INT"]
[Date "2025.05.27"]
[Round "2"]
[White "Radnaev, Nomin"]
[Black "Iskusnyh, Sergei"]
[Result "1-0"]
[WhiteTitle "CM"]
[BlackTitle "GM"]
[WhiteElo "2139"]
[BlackElo "2440"]
[WhiteFideId "1656341"]
[BlackFideId "4120027"]
[EventDate "2025.05.27"]

1. e4 e6 2. d3 c5 3. Nc3 Nc6 4. g3 g6 5. Bg2 Bg7 6. Nge2 d6 7. O-O Nge7 8. h3
O-O 9. f4 Rb8 10. a4 a6 11. g4 f5 12. Ng3 Nd4 13. Nce2 Nxe2+ 14. Qxe2 Bd7 15. c3
b5 16. axb5 axb5 17. Bd2 b4 18. Ra7 bxc3 19. Bxc3 Bxc3 20. bxc3 Nc6 21. Ra6 fxg4
22. hxg4 e5 23. f5 Qh4 24. Qf3 Rb3 25. Ne2 Rb2 26. Ra3 Qg5 27. Kf2 gxf5 28. gxf5
Bxf5 29. Kg1 Qd2 30. exf5 Qxe2 31. Qxc6 Qe3+ 32. Kh1 Qh6+ 33. Kg1 Kh8 34. Qf3
Rg8 35. Rf2 Qc1+ 36. Kh2 Rxf2 37. Qxf2 Qh6+ 38. Bh3 Qg5 39. Ra1 Qf6 40. Rg1 Rb8
41. Qg2 e4 42. dxe4 Qxc3 43. Qg3 Qf6 44. Rg2 c4 45. Qg5 Qe5+ 46. Rg3 c3 47. f6
Qxg5 48. Rxg5 c2 49. Rg1 Rf8 50. Rc1 Rxf6 51. Rxc2 Rf4 52. Bf5 d5 53. Rc8+ Kg7
54. Rc7+ Kf6 55. Rc6+ Kg5 56. Re6 dxe4 57. Bxe4 h5 58. Re5+ Kg4 59. Bg2 h4 60.
Bh3+ Kf3 61. Bg2+ Kg4 62. Re3 Rd4 63. Re8 Rd2 64. Rg8+ Kf4 65. Rf8+ Kg4 66. Ra8
h3 67. Ra4+ 1-0

[Event "Titled Tue 27th May Early"]
[Site "chess.com INT"]
[Date "2025.05.27"]
[Round "2"]
[White "Sheremetev, Vladislav"]
[Black "Gadzhiev, Ruslan"]
[Result "0-1"]
[WhiteTitle "CM"]
[BlackTitle "CM"]
[WhiteElo "2160"]
[BlackElo "2169"]
[WhiteFideId "54188300"]
[BlackFideId "55671926"]
[EventDate "2025.05.27"]

1. e4 e6 2. d4 d5 3. Nc3 Bb4 4. e5 Ne7 5. a3 Bxc3+ 6. bxc3 c5 7. Qg4 Qc7 8. Bd2
cxd4 9. cxd4 Qxc2 10. Rc1 Qe4+ 11. Qxe4 dxe4 12. g3 Nbc6 13. Ne2 O-O 14. Bg2 Rd8
15. Be3 Bd7 16. Bxe4 Na5 17. O-O Bc6 18. f3 Nd5 19. Bxd5 Bxd5 20. Nc3 Nc4 21.
Kf2 Bc6 22. a4 Nb2 23. Rc2 Nxa4 24. Nxa4 Bxa4 25. Rc7 Bc6 26. Ra1 a5 27. Bd2 a4
28. Bc3 h6 29. Ra3 Rd5 30. Ke3 Rb5 31. Kd3 Rb1 32. f4 Rh1 33. Ra2 Bd5 34. Rc2 a3
35. Bb4 a2 36. Rc8+ Rxc8 37. Rxc8+ Kh7 38. Bc3 a1=Q 39. Bxa1 Rxa1 40. Rc7 Ra3+
41. Kd2 Ra2+ 42. Ke3 Rxh2 43. Rxf7 Rg2 44. f5 Rxg3+ 45. Ke2 exf5 46. Rd7 Bc6 47.
Rd8 Rg4 48. d5 Re4+ 49. Kf3 Rxe5 50. dxc6 bxc6 51. Kf4 Rd5 52. Rc8 g5+ 53. Ke3
c5 54. Rc7+ Kg6 55. Rc6+ Kh5 56. Kf3 Rd3+ 57. Ke2 Rc3 58. Kd2 Rc4 59. Kd3 Rd4+
60. Ke3 Re4+ 61. Kf3 c4 62. Ra6 g4+ 63. Kg3 Kg5 64. Ra8 Re3+ 65. Kf2 Rf3+ 66.
Kg2 c3 0-1

[Event "Titled Tue 27th May Early"]
[Site "chess.com INT"]
[Date "2025.05.27"]
[Round "2"]
[White "Mikhalsky, Vladimir"]
[Black "Kleimenov, Nikolay"]
[Result "1/2-1/2"]
[BlackTitle "CM"]
[WhiteElo "2219"]
[BlackElo "2198"]
[WhiteFideId "14144352"]
[BlackFideId "34414223"]
[EventDate "2025.05.27"]

1. d4 Nf6 2. c4 g6 3. f3 Bg7 4. e4 d6 5. Nc3 O-O 6. Be3 a6 7. Qd2 c5 8. d5 b5 9.
cxb5 axb5 10. Bxb5 Ba6 11. Nge2 Qa5 12. a4 Nbd7 13. O-O Ne5 14. Qc2 Rfb8 15.
Bxa6 Qxa6 16. Nb5 Qa5 17. Nec3 Nc4 18. Bg5 h6 19. Bf4 Nh5 20. Bc1 Qb4 21. Rb1
Bd4+ 22. Nxd4 cxd4 23. Nb5 Rxa4 24. Nxd4 Qc5 25. Rd1 Rab4 26. b3 Na5 27. Qxc5
dxc5 28. Nc6 Nxc6 29. dxc6 Rc8 30. Bxh6 Rxc6 31. Bg5 f6 32. Be3 Ng7 33. Rd7 Kf7
34. Ra7 Ne6 35. h3 Nd4 36. Bxd4 cxd4 37. Rd7 Rc3 38. Rd1 d3 39. R7xd3 Rcxb3 40.
Rxb3 Rxb3 41. Kh2 Rb7 42. Ra1 Rc7 43. Kg3 Rb7 44. h4 Rc7 45. Kg4 Rb7 46. Ra5 Rc7
47. Kf4 e5+ 48. Kg4 Rb7 49. g3 Kg7 50. f4 exf4 51. gxf4 Re7 52. e5 fxe5 53. fxe5
Rc7 54. Kg5 Rc4 55. Ra7+ Kf8 56. e6 Re4 57. Kf6 Rf4+ 58. Kxg6 Rxh4 59. Kf6 Rf4+
60. Ke5 Rf1 61. Kd6 Rd1+ 62. Ke5 Ke8 63. Ra8+ Ke7 64. Ra7+ Ke8 65. Ra8+ Ke7 66.
Ra7+ Ke8 1/2-1/2

[Event "Titled Tue 27th May Early"]
[Site "chess.com INT"]
[Date "2025.05.27"]
[Round "2"]
[White "Reprintsev, Alexander"]
[Black "Sailer, Mike"]
[Result "1-0"]
[WhiteTitle "IM"]
[WhiteElo "2256"]
[BlackElo "2108"]
[WhiteFideId "14100541"]
[BlackFideId "2012901"]
[EventDate "2025.05.27"]

1. e4 d5 2. exd5 Qxd5 3. Nc3 Qd6 4. d4 c6 5. Ne4 Qc7 6. Qf3 Nf6 7. Bf4 Qa5+ 8.
Nc3 Bg4 9. Qg3 Nbd7 10. h3 Bf5 11. O-O-O Nh5 12. Qe3 Nxf4 13. Qxf4 e6 14. Bd3
Bxd3 15. Rxd3 Nf6 16. Qg3 O-O-O 17. Nge2 h6 18. Rhd1 Qg5+ 19. Qxg5 hxg5 20. Rg3
Rh5 21. Rdd3 Bd6 22. Rgf3 Rh4 23. a3 g4 24. hxg4 Rxg4 25. g3 Rh8 26. b4 a6 27.
Kb2 Rh1 28. Nd1 Re4 29. Ne3 Re1 30. Rd2 Nd5 31. Nc3 Nxe3 32. Nxe4 Nc4+ 33. Kc3
Nxd2 34. Nxd6+ Kd7 35. Rxf7+ Kxd6 36. Kxd2 Ra1 37. c4 b5 38. c5+ Kd5 39. Rxg7
Rxa3 40. Rd7+ Kc4 41. g4 Kxb4 42. g5 Ra1 43. g6 Rg1 44. g7 a5 45. Ra7 a4 46. Ke3
a3 47. d5 exd5 48. f4 Kb3 49. f5 b4 50. f6 a2 51. Kf2 Rg6 52. f7 Rxg7 53. f8=Q
Rxa7 54. Qf3+ Ka4 55. Qd1+ Ka3 56. Qc1+ Kb3 57. Qd1+ Ka3 58. Qc1+ Kb3 59. Qa1
Ra5 60. Ke3 Rxc5 61. Kd2 Rc3 62. Qd1+ Ka3 63. Qa1 d4 64. Qf1 1-0

[Event "Titled Tue 27th May Early"]
[Site "chess.com INT"]
[Date "2025.05.27"]
[Round "2"]
[White "Cahaya, Satria Duta"]
[Black "El Zein, Zayne-Eddine"]
[Result "1/2-1/2"]
[WhiteTitle "FM"]
[BlackTitle "CM"]
[WhiteElo "2416"]
[BlackElo "2146"]
[WhiteFideId "7124252"]
[BlackFideId "5313210"]
[EventDate "2025.05.27"]

1. e4 d6 2. d4 Nf6 3. Nc3 e5 4. dxe5 dxe5 5. Qxd8+ Kxd8 6. f4 Bb4 7. Bd3 Nc6 8.
Nf3 exf4 9. Bxf4 h6 10. O-O-O Bxc3 11. bxc3 Bd7 12. Bc4 Rf8 13. e5 Ne4 14. e6
fxe6 15. Bxe6 Nc5 16. Bxd7 Nxd7 17. Bg3 Kc8 18. Rhe1 a5 19. Re6 Ra6 20. Rg6 Rf7
21. Re1 b5 22. Ree6 Kb7 23. Re8 Nf6 24. Ne5 Nxe5 25. Rxe5 Rb6 26. Rf5 b4 27. Bf2
Rc6 28. cxb4 axb4 29. Rb5+ Kc8 30. Rxb4 Nd5 31. Rxc6 Nxb4 32. Rc4 Nxa2+ 33. Kb2
Rxf2 34. Kxa2 Rxg2 35. h4 h5 36. Kb3 Kd7 37. Rd4+ Ke6 38. Re4+ Kd5 39. Re7 c5
40. c4+ Kd4 41. Rd7+ Ke4 42. Rd5 Rg3+ 43. Ka4 g6 44. Rxc5 Kd4 45. Rc8 Rg4 46.
Kb5 Rxh4 47. c5 Rh1 48. Rd8+ Ke5 49. c6 Rb1+ 50. Ka6 h4 51. c7 Rc1 52. c8=Q Rxc8
53. Rxc8 g5 54. Kb5 h3 55. Rh8 g4 56. Kc4 Ke4 57. Rh7 Ke3 58. Kd5 Kf3 59. Kd4
Kg2 60. Ke3 g3 61. Kf4 h2 62. Rh6 Kf2 63. Rh3 g2 64. Rxh2 Kf1 65. Rxg2 Kxg2 1/2-1/2

[Event "Titled Tue 27th May Early"]
[Site "chess.com INT"]
[Date "2025.05.27"]
[Round "2"]
[White "Vaganian, Rafael A"]
[Black "Mitrabha, Guha"]
[Result "0-1"]
[WhiteTitle "GM"]
[BlackTitle "GM"]
[WhiteElo "2449"]
[BlackElo "2515"]
[WhiteFideId "13300016"]
[BlackFideId "5057000"]
[EventDate "2025.05.27"]

1. d4 Nf6 2. Nf3 c5 3. e3 cxd4 4. exd4 d5 5. Bd3 Nc6 6. c3 Bg4 7. Nbd2 e6 8. O-O
Bd6 9. Re1 O-O 10. Nf1 Qc7 11. Ng3 Bf4 12. h3 Bxf3 13. Qxf3 Bxc1 14. Raxc1 Rab8
15. a4 a6 16. Ne2 b5 17. axb5 axb5 18. b4 Ne7 19. Nf4 Nc8 20. Bb1 Nd6 21. Nd3
Ra8 22. Nc5 Ra3 23. Bd3 Rfa8 24. Bf1 Nfe4 25. Qe3 Nf5 26. Qd3 Nxc5 27. dxc5 d4
28. Qxb5 dxc3 29. Qc4 Ne7 30. Rxc3 R3a4 31. Rb3 Nd5 32. Rc1 Rb8 33. Rcb1 g6 34.
g3 Nf6 35. Bg2 Nd7 36. Qc3 h5 37. Ra3 Rxa3 38. Qxa3 h4 39. Rc1 hxg3 40. Qxg3
Qxg3 41. fxg3 Rxb4 42. c6 Nb6 43. c7 Nc8 44. Rd1 Kg7 45. Rd8 Nb6 46. c8=Q Nxc8
47. Rxc8 f5 48. Rc6 e5 49. Kh2 e4 50. h4 Rb2 51. Kh3 Rb3 52. Rc2 Kf6 53. Rc5 Re3
54. Bf1 f4 55. Rg5 f3 56. Bb5 Rb3 57. Rc5 e3 58. Ba6 Ra3 59. Bf1 Ra1 60. Bd3 e2
61. Rc6+ Ke7 62. Bxe2 fxe2 63. Rxg6 e1=Q 64. h5 Kf7 0-1